Normal view MARC view
  • Berry, Steve,

Entry Personal Name

Number of records used in: 3

001 - CONTROL NUMBER

  • control field: 11726

003 - CONTROL NUMBER IDENTIFIER

  • control field: NUST

005 - DATE AND TIME OF LATEST TRANSACTION

  • control field: 20180717051801.0

008 - FIXED-LENGTH DATA ELEMENTS

  • fixed length control field: 180717|| aca||aabn | a|a d

040 ## - CATALOGING SOURCE

  • Original cataloging agency: NUST
  • Transcribing agency: NUST

100 ## - HEADING--PERSONAL NAME

  • Personal name: Berry, Steve,
  • Dates associated with a name: 1955-

670 ## - SOURCE DATA FOUND

  • Source citation: Work cat.: (NUST)173118: Berry, Steve, 1955-, The third secret :, 2005.
© 2023 Central Library, National University of Sciences and Technology. All Rights Reserved.